Statistics for Typing to 27 in 15 seconds

Click here to take the quiz!

General Stats

  • This quiz has been taken 25 times
  • The average score is 25 of 27

Answer Stats

Answer% Correct
1
100%
10
100%
11
100%
13
100%
14
100%
15
100%
16
100%
17
100%
18
100%
2
100%
3
100%
4
100%
5
100%
6
100%
7
100%
8
100%
9
100%
12
95%
19
95%
20
85%
21
85%
22
85%
23
85%
24
85%
25
80%
26
75%
27
70%

Score Distribution

Percentile by Number Answered

Percent of People with Each Score

Your Score History

You have not taken this quiz